Bienvenue au Catalogue en Ligne des Bibliothèques de l'Universite du Burundi

Introduction à la littérature comparée, 2ème candidature (Record no. 32219)

000 -GUIDE
Champ de contrôle de longueur fixe 00918nam a22002177a 4500
003 - IDENTITÉ DU NUMÉRO DE CONTRÔLE
Champ de contrôle BI-BuBU
008 - ÉLÉMENTS DE LONGUEUR FIXE - RENSEIGNEMENTS GÉNÉRAUX
Champ de contrôle de longueur fixe 150907s2013 bd ||||dr|||| 00| 0 fre d
037 ## - SOURCE D'ACQUISITION
Source d'acquisition et du numéro d'inventaire Don de l'auteur
039 ## - NIVEAU DE CONTRÔLE BIBLIOGRAPHIQUE ET HISTORIQUE D'ENCODAGE [OBSOLETE]
Date creation 20150907140720.0
Nom catalographe Godeberthe Nsengimana
040 ## - SOURCE DU CATALOGAGE
Organisme qui a effectué le catalogage original BI-BuBU
Code de la langue utilisée dans le catalogage fre
Organisme qui a effectué la transcription BI-BuBU
041 0# - CODE DE LANGUE
Code de langue du texte/de la piste sonore ou du titre distinct fre
080 ## - INDICE DE LA CLASSIFICATION DÉCIMALE UNIVERSELLE (CDU)
Indice de la Classification décimale universelle 82-091.
100 1# - VEDETTE PRINCIPALE - NOM DE PERSONNE
Code de relation aut
Nom de personne Ngogwanubusa,Juvénal
245 10 - MENTION DU TITRE
Titre Introduction à la littérature comparée, 2ème candidature
Mention de responsabilité, etc. Juvénal Ngogwanubusa
260 ## - PUBLICATION, DIFFUSION, ETC. (ADRESSE BIBLIOGRAPHIQUE)
Lieu de publication, diffusion, etc. Bujumbura
Nom de l'éditeur, diffuseur, etc. Université du Burundi, Faculté des lettres et sciences humaines, département de langue et Littérature Françaisess
Date of publication, distribution, etc 2013
300 ## - DESCRIPTION MATÉRIELLE
Collation 36 f.
Dimensions 29 cm.
650 #7 - VEDETTE-MATIÈRE - NOM COMMUN
Source du terme BI-BuBU
Vedette de sujet ou vedette comportant un nom géographique Littérature comparée.Introduction.2ème candidature.
9 (RLIN) 117531
942 ## - ÉLÉMENTS D'ENTRÉE ADDITIONNELLE (KOHA)
Source de la classification ou du système de rangement
Type d item koha BOOK
Holdings
Statut de retrait Statut de perte Source de la classification ou du système de rangement Statut de déterioration Exclu du prêt Numéro d item Koha Localisation permanente Localisation actuelle Date d'acquisition Source d'acquisition Nombre de prêts Cote Code-barres Date last seen Prix en vigueur à partir du Type d item koha
        Not For Loan 46729 Bibliothèque Centrale Bibliothèque Centrale 07/09/2015 Don de l' auteur   82-091.NGO.C 5010000158552 07/09/2015 07/09/2015 BOOK
© 2019-2026 - Bibliothèques de l'Université du Burundi |Tous droits réservés
home | Pour toute information urgente Contactez nous | tel whatsupp: +25779204313